[Event "NOR-chB op"]
[Site "Asker"]
[Date "2003.06.01"]
[Round "5"]
[White "Szalai, Janos"]
[Black "Oesttveit, Martin"]
[Result "0-1"]
[WhiteElo "1822"]
[BlackElo "2051"]
[PlyCount "56"]
[EventDate "2003.05.??"]
[EventType "swiss"]
[EventRounds "5"]
[EventCountry "NOR"]
[SourceTitle "EXT 2005"]
[Source "ChessBase"]
[SourceDate "2004.11.15"]
[SourceVersion "1"]
[SourceVersionDate "2004.11.15"]
[SourceQuality "1"]

1. e4 c5 2. Nc3 Nc6 3. g3 g6 4. Bg2 Bg7 5. d3 d6 6. Be3 e5 7. Nge2 Nge7 8. Qd2 Nd4 9. 0-0 0-0 10. f4 f6 11. h3 Be6 12. g4 f5 13. gxf5 gxf5 14. Ng3 Qe8 15. Nd1 Qg6 16. Kh2 Rad8 17. c3 Ndc6 18. Rg1 Kh8 19. Bf3 Qf7 20. Nh5 Bh6 21. exf5 Nxf5 22. Bg4 Nxe3 23. Qxe3 Bd5 24. c4 exf4 25. Qf2 Be6 26. Nc3 Ne5 27. Rad1 Nxg4+ 28. Rxg4 Rg8 0-1

[Event "NOR-chB op"]
[Site "Asker"]
[Date "2003.05.31"]
[Round "4"]
[White "Oesttveit, Martin"]
[Black "Fossum, Oystein Boyum"]
[Result "0-1"]
[WhiteElo "2051"]
[BlackElo "2014"]
[PlyCount "54"]
[EventDate "2003.05.??"]
[EventType "swiss"]
[EventRounds "5"]
[EventCountry "NOR"]
[SourceTitle "EXT 2005"]
[Source "ChessBase"]
[SourceDate "2004.11.15"]
[SourceVersion "1"]
[SourceVersionDate "2004.11.15"]
[SourceQuality "1"]

1. e4 c5 2. Nc3 Nc6 3. f4 g6 4. Nf3 Bg7 5. Bb5 Nd4 6. Bd3 d6 7. Nxd4 cxd4 8. Ne2 e5 9. c3 Qh4+ 10. g3 Qh3 11. Bb5+ Kf8 12. fxe5 Qg2 13. Rg1 Qxh2 14. Qb3 Be6 15. Qb4 Bxe5 16. cxd4 Bg4 17. dxe5 Bxe2 18. Qxd6+ Kg7 19. Bxe2 Qxg1+ 20. Bf1 Qxg3+ 21. Ke2 Qg4+ 22. Ke3 Qg5+ 23. Kf2 Rd8 24. Qc7 Qf4+ 25. Kg1 Qg3+ 26. Bg2 Rd3 27. b3 Qe1+ 0-1

[Event "NOR-chB op"]
[Site "Asker"]
[Date "2003.05.29"]
[Round "2"]
[White "Oesttveit, Martin"]
[Black "Parr, Erik"]
[Result "1/2-1/2"]
[WhiteElo "2051"]
[BlackElo "2079"]
[PlyCount "101"]
[EventDate "2003.05.??"]
[EventType "swiss"]
[EventRounds "5"]
[EventCountry "NOR"]
[SourceTitle "EXT 2005"]
[Source "ChessBase"]
[SourceDate "2004.11.15"]
[SourceVersion "1"]
[SourceVersionDate "2004.11.15"]
[SourceQuality "1"]

1. e4 c5 2. Nc3 Nc6 3. f4 g6 4. Nf3 Bg7 5. Bb5 d6 6. Bxc6+ bxc6 7. 0-0 c4 8. Kh1 d5 9. d3 cxd3 10. cxd3 Nf6 11. Qa4 Bd7 12. Ne5 c5 13. Nxd7 Nxd7 14. Nxd5 0-0 15. Qc2 Rc8 16. Be3 e6 17. Nc3 Qa5 18. Rac1 Rfd8 19. Na4 Bf8 20. Rfd1 Qa6 21. Qc4 Qb7 22. b3 Be7 23. h3 Qb8 24. Qc2 Qb7 25. Qf2 Qb5 26. Nb2 Nb8 27. Rc4 Qa6 28. Ra4 Qb7 29. Rc1 Nd7 30. h4 Nf6 31. Qe2 h5 32. Nc4 Ng4 33. Ne5 Nxe5 34. fxe5 Bxh4 35. Rxc5 a6 36. Rac4 Rxc5 37. Rxc5 Qe7 38. d4 Bg3 39. Kg1 Qh4 40. Rc4 Qxe4 41. Qf3 Qxf3 42. gxf3 Bh4 43. Rc6 Ra8 44. b4 Be7 45. a3 a5 46. Bd2 axb4 47. axb4 Rb8 48. Rc4 Kf8 49. Kf2 Ke8 50. Ke3 Kd7 51. Ke4 1/2-1/2

[Event "NOR-ch U20 op 13th"]
[Site "Oslo"]
[Date "2003.04.14"]
[Round "3"]
[White "Oesttveit, Martin"]
[Black "Ekeberg, Carl Fredrik"]
[Result "1/2-1/2"]
[WhiteElo "2084"]
[BlackElo "2227"]
[PlyCount "48"]
[EventDate "2003.04.??"]
[EventType "swiss"]
[EventRounds "9"]
[EventCountry "NOR"]
[SourceTitle "EXT 2005"]
[Source "ChessBase"]
[SourceDate "2004.11.15"]
[SourceVersion "1"]
[SourceVersionDate "2004.11.15"]
[SourceQuality "1"]

1. g3 c5 2. Bg2 g6 3. d3 Bg7 4. e4 Nc6 5. Nc3 d6 6. Be3 e5 7. Qd2 Nge7 8. f4 Nd4 9. Nf3 Be6 10. 0-0 f6 11. Rf2 Qd7 12. fxe5 dxe5 13. Bh6 0-0 14. Raf1 Rad8 15. Nd1 c4 16. Nxd4 Qxd4 17. Be3 Qd6 18. dxc4 Qxd2 19. Rxd2 Rxd2 20. Bxd2 Bxc4 21. Re1 Rd8 22. Be3 Nc6 23. b3 Be6 24. c3 Bf8 1/2-1/2